Code pénal polonais du 11 juillet 1932 et Loi sur les contraventions du 11 juillet 1932 : (Record no. 73629)
[ view plain ]
| 000 -LEADER | |
|---|---|
| fixed length control field | 01235nam a2200313 i 4500 |
| 003 - CONTROL NUMBER IDENTIFIER | |
| control field | EG-GICUC |
| 005 - DATE AND TIME OF LATEST TRANSACTION | |
| control field | 20260427110540.0 |
| 008 - FIXED-LENGTH DATA ELEMENTS--GENERAL INFORMATION | |
| fixed length control field | 260427s1932 fr |||fr|||| 00| 0 fre d |
| 040 ## - CATALOGING SOURCE | |
| Original cataloging agency | EG-GiCUC |
| Language of cataloging | fre |
| Transcribing agency | EG-GiCUC |
| Modifying agency | EG-GiCUC |
| Description conventions | Rda |
| 041 ## - LANGUAGE CODE | |
| Language code of text/sound track or separate title | fre |
| 082 04 - DEWEY DECIMAL CLASSIFICATION NUMBER | |
| Edition number | 21 |
| Classification number | 343 |
| Item number | BE . C |
| 092 04 - LOCALLY ASSIGNED DEWEY CALL NUMBER (OCLC) | |
| Edition number | 21 |
| 099 ## - LOCAL FREE-TEXT CALL NUMBER (OCLC) | |
| Classification number | Law1 10 343 BE . C 1932 |
| 100 1# - MAIN ENTRY--PERSONAL NAME | |
| Personal name | Berezowski, Conrad |
| Relator term | Auteur |
| 245 10 - TITLE STATEMENT | |
| Title | Code pénal polonais du 11 juillet 1932 et Loi sur les contraventions du 11 juillet 1932 : |
| Remainder of title | traduit sous la direction de m. Émile-Stanislas Rappaport / |
| Statement of responsibility, etc. | par m. Conrad Berezowski. |
| 264 #1 - PRODUCTION, PUBLICATION, DISTRIBUTION, MANUFACTURE, AND COPYRIGHT NOTICE | |
| Place of production, publication, distribution, manufacture | Paris : |
| Name of producer, publisher, distributor, manufacturer | Librairie des Juris-Classeurs--Éditions Godde, |
| Date of production, publication, distribution, manufacture, or copyright notice | 1932. |
| 300 ## - PHYSICAL DESCRIPTION | |
| Extent | 75 page ; |
| Dimensions | 24 cm. |
| 336 ## - CONTENT TYPE | |
| Source | rda contenu |
| Content type term | texte |
| 337 ## - MEDIA TYPE | |
| Source | rda medias |
| Media type term | Ordinateur |
| 338 ## - CARRIER TYPE | |
| Source | transporteur rda |
| Carrier type term | Ressource en ligne |
| 490 1# - SERIES STATEMENT | |
| Series statement | Association Internationale de Droit pénal Collection des Lois pénales étrangères |
| Volume/sequential designation | I |
| 650 14 - SUBJECT ADDED ENTRY--TOPICAL TERM | |
| Topical term or geographic name entry element | Criminal law |
| Source of heading or term | qrmak |
| 650 14 - SUBJECT ADDED ENTRY--TOPICAL TERM | |
| Topical term or geographic name entry element | Criminal Science |
| 651 1# - SUBJECT ADDED ENTRY--GEOGRAPHIC NAME | |
| Source of heading or term | qrmak |
| 830 #0 - SERIES ADDED ENTRY--UNIFORM TITLE | |
| Uniform title | Association Internationale de Droit pénal Collection des Lois pénales étrangères |
| Volume/sequential designation | I |
| 856 40 - ELECTRONIC LOCATION AND ACCESS | |
| Uniform Resource Identifier | <a href="https://fll.law.cu.edu.eg/fulltext/bks/B10-11467.pdf">https://fll.law.cu.edu.eg/fulltext/bks/B10-11467.pdf</a> |
| 905 ## - Cataloger and Reviser Names | |
| Cataloger Name: | Mayar Adel |
| 942 ## - ADDED ENTRY ELEMENTS (KOHA) | |
| Source of classification or shelving scheme | Dewey Decimal Classification |
| Koha item type | Books |
| Edition | 21 |
| Suppress in OPAC | No |
| Withdrawn status | Lost status | Source of classification or shelving scheme | Damaged status | Not for loan | Collection | Home library | Current library | Date acquired | Total checkouts | Full call number | Barcode | Date last seen | Copy number | Price effective from | Koha item type |
|---|---|---|---|---|---|---|---|---|---|---|---|---|---|---|---|
| Dewey Decimal Classification | Not for loan | القانون الجنائي | جــــامعة القــاهرة | مكتبة كلية الحقوق - المبنى الرئيسي | 27.04.2026 | Law1 10 343 BE . C 1932 1011467 C1 | B10-11467 | 27.04.2026 | 1 | 27.04.2026 | Books | ||||
| Dewey Decimal Classification | القانون الجنائي | جــــامعة القــاهرة | مكتبة كلية الحقوق - المبنى الرئيسي | 05.05.2026 | Law1 10 343 BE . C 1932 1011858 C2 | B10-11858 | 05.05.2026 | 2 | 05.05.2026 | Books |